Borges y la arquitectura

Guardado en:
Bibliografiske detaljer
Hovedforfatter: Grau, Cristina
Format: Bog
Sprog:Spanish
Udgivet: Madrid, España Catedra 1989
Serier:Ensayos arte y cátedra
Fag:
Tags: Tilføj Tag
Ingen Tags, Vær først til at tagge denne postø!

MARC

LEADER 00000nam a22000007a 4500
007 ta
008 140319s1989 sp a|||f |||| 000 0 spa d
020 |a 8437608171 
040 |a cru CIICLA Universidad de Costa Rica 
082 |a Ar868.09 B732g 
100 1 |a Grau, Cristina 
245 1 0 |a Borges y la arquitectura  |c Cristina Grau 
260 |a Madrid, España  |b Catedra  |c 1989 
300 |a 189 páginas  |b ilustraciones 
490 0 |a Ensayos arte y cátedra 
600 1 7 |a BORGES, JORGE LUIS  |d 1899-1986  |x CRITICA E INTERPRETACION 
650 1 7 |a ARQUITECTURA EN LA LITERATURA 
942 |2 ddc  |c BK 
999 |c 3246  |d 3246